Countries with a Similar Shape #5 - Statistics

General Stats
  • This quiz has been taken 347 times
  • The average score is 5 of 6
Answer Stats
Country % Correct
Libya
94%
Algeria
93%
Saudi Arabia
93%
Iraq
89%
Nicaragua
80%
Kenya
71%
No matching quizzes found
Score Distribution
Percent of People with Each Score
Percentile by Number Answered
Your Score History
You have not taken this quiz